000
00260nam a22001217a 4500
020
_a
978-93-81607-28-2
082
_a
494
_b
OM/A
245
_a
EASUP KEE KAHANIYAM
260
_a
UTTARPRADESH
_b
OM KIDZ
300
_a
80
650
_a
HINDI STORY
_z
INDIA
942
_c
BK
999
_c
4836
_d
4836